Leprechauns don't play fetch / (Record no. 1036)

MARC details
000 -LEADER
fixed length control field 01207cam a22003373a 4500
005 - DATE AND TIME OF LATEST TRANSACTION
control field 20231123151633.0
020 ## - INTERNATIONAL STANDARD BOOK NUMBER
International Standard Book Number 078073003990
020 ## - INTERNATIONAL STANDARD BOOK NUMBER
International Standard Book Number 9780439408332
040 ## - CATALOGING SOURCE
Original cataloging agency OWL
Transcribing agency OWL
Modifying agency LEO
-- DLC
Language of cataloging eng
050 00 - LIBRARY OF CONGRESS CALL NUMBER
Classification number PZ7.D128
082 ## - DEWEY DECIMAL CLASSIFICATION NUMBER
Classification number 504
100 1# - MAIN ENTRY--PERSONAL NAME
Personal name Dadey, Debbie
245 10 - TITLE STATEMENT
Title Leprechauns don't play fetch /
Statement of responsibility, etc. by Debbie Dadey and Marcia Thornton Jones ; illustrated by John Steven Gurney.
250 ## - EDITION STATEMENT
Edition statement First printing, February 2003
260 ## - PUBLICATION, DISTRIBUTION, ETC.
Place of publication, distribution, etc. New York :
Name of publisher, distributor, etc. Scholastic,
Date of publication, distribution, etc. 2003
300 ## - PHYSICAL DESCRIPTION
Extent 84 pages :
Other physical details illustrations.;
Dimensions 20 cm
490 1# - SERIES STATEMENT
Series statement The adventures of the Bailey School kids
Volume/sequential designation Book 9
500 ## - GENERAL NOTE
General note "A Little Apple paperback."
505 ## - FORMATTED CONTENTS NOTE
Formatted contents note Q <br/>
520 ## - SUMMARY, ETC.
Summary, etc. There are some pretty weird grown-ups living in Bailey City, but could the owner of Clover Patch Pet Store really be a leprechaun?
521 0# - TARGET AUDIENCE NOTE
Target audience note 670 <br/>
Source Lexile <br/>
521 1# - TARGET AUDIENCE NOTE
Target audience note Q <br/>
Source Raz-Plus <br/>
650 #0 - SUBJECT ADDED ENTRY--TOPICAL TERM
Topical term or geographic name entry element Leprechauns
Form subdivision Juvenile fiction.
650 #0 - SUBJECT ADDED ENTRY--TOPICAL TERM
Topical term or geographic name entry element Leprechauns
Form subdivision Fiction.
655 #7 - INDEX TERM--GENRE/FORM
Genre/form data or focus term Children's stories.
Source of term lcsh
700 1# - ADDED ENTRY--PERSONAL NAME
Personal name Jones, Marcia Thornton.
Relator term coauthro
700 1# - ADDED ENTRY--PERSONAL NAME
Personal name Gurney, John Steven,
Dates associated with a name 1962-
Relator term illustrator
906 ## - LOCAL DATA ELEMENT F, LDF (RLIN)
a 7
b cbc
c copycat
d 2
e ncip
f 20
g y-genrareb
942 ## - ADDED ENTRY ELEMENTS (KOHA)
Source of classification or shelving scheme Dewey Decimal Classification
Koha item type Books
Suppress in OPAC No
999 ## -
-- 1036
-- 1036
Holdings
Withdrawn status Lost status Source of classification or shelving scheme Damaged status Not for loan Collection Home library Current library Shelving location Date acquired Total Checkouts Full call number Barcode Date last seen Price effective from Koha item type
    Dewey Decimal Classification     Juvenile Fiction Footprints International School Library Network Toul Kork Campus Footprints International School Library Network Toul Kork Campus   07/19/2023   DAD 504 PZ7.D128 FIS00460 07/19/2023 07/19/2023 Books